Statystyki dla Kto zdobył najwięcej bramek dla tego klubu?

Kliknij tutaj aby rozwiązać quiz!

Ogólne statystyki

  • Ten quiz został rozwiązany 885 razy
  • Średni wynik to 6 z 13

Statystyki odpowiedzi

KlubNajlepszy strzelec% Poprawnych
Real MadrytCristiano Ronaldo
86%
Manchester CityAguero
73%
Bayern MonachiumGerd Muller
70%
Manchester UnitedRooney
57%
Fc ArsenalHenry
56%
Tottenham HotspurKane
56%
Juventus TurynDel Piero
52%
PSGCavani
50%
SSC NapoliMertens / Hamsik
38%
Chelsea FcLampard
36%
Fc LiverpoolRush
24%
Olimpique LyonLacazette
17%
Legia WarszawaRadović
14%

Rozkład punktacji

Percentyl według liczby udzielonych odpowiedzi

Procent ludzi z każdym wynikiem

Twoja historia wyników

Nie rozwiązałeś tego quizu